[Event "12.EM"]
[Site "Aix-les-Bains FRA"]
[Date "2011.04.01"]
[Round "10"]
[White "Jobava, Baadur"]
[Black "Potkin, Vladimir"]
[Result "0-1"]
[WhiteElo "2707"]
[BlackElo "2653"]
[PlyCount "52"]
[EventDate "2011.03.21"]
[Source "Mark Crowther"]
[SourceDate "2011.01.03"]

{D11: Damengambit (Slawische Verteidigung)} 1. c4 c6 2. d4 d5 3. Nf3 Nf6 4. Qb3
e6 5. Bg5 h6 6. Bh4 dxc4 (6... g5 7. Bg3 Ne4 8. Nc3 Nxg3 9. hxg3 Bg7 10. e3 Nd7
11. Bd3 Rb8 12. cxd5 cxd5 13. g4 a6 14. Ne2 Nf6 15. Ne5 Nd7 16. Nf3 Nf6 17. Ne5
Nd7 18. f4 gxf4 19. exf4 Nxe5 20. dxe5 Qa5+ 21. Qc3 {Kramnik,V (2799)-Van Wely,
L (2681)/Wijk aan Zee 2008/1/2-1/2}) 7. Qxc4 b5 8. Qc2 Bb7 9. Nc3 $146 (9. Bxf6
Qxf6 10. e4 Nd7 11. e5 Qd8 12. Nc3 Be7 13. O-O-O b4 14. Na4 Qa5 15. Nd2 O-O 16.
Nc4 Qc7 17. f4 Rfd8 18. Ne3 c5 19. d5 Nxe5 20. fxe5 Bg5 21. Qf2 Qxe5 22. Re1
Bxd5 23. h4 Bf4 {Gurevich,M (2694)-Gausel,E (2481)/Cappelle la Grande 2001/0-1}
) (9. e3 Nbd7 10. Be2 Qb6 11. Nc3 a6 12. a4 Bb4 13. O-O O-O 14. Qb3 Be7 15.
Rfd1 b4 16. a5 Qd8 17. Ne5 bxc3 18. Qxb7 Rb8 19. Qxa6 cxb2 20. Rab1 Nxe5 21.
Bxf6 gxf6 22. dxe5 Qc7 23. Qc4 {Eljanov,P (2675)-Stellwagen,D (2585)/Wijk aan
Zee 2007/1/2-1/2}) 9... Nbd7 10. e4 Qb6 (10... b4 $5 11. Na4 Qa5 $11) 11. Be2
Nh5 12. d5 (12. O-O g5 13. Bg3 g4 $14) 12... Nf4 (12... g5 $142 $5 13. dxe6
fxe6 $16) 13. dxe6 $16 Nxe6 14. O-O-O (14. O-O $5 $18) 14... Bb4 $16 15. Kb1
Ndc5 16. Rd6 (16. Nd4 $5 O-O 17. f3 $14) 16... O-O $11 (16... Bxc3 $6 17. Qxc3
Nxe4 18. Rxe6+ $3 fxe6 $4 19. Qxg7) 17. Nd5 (17. Ne5 Bxc3 18. bxc3 a5 $11)
17... cxd5 18. Rxb6 axb6 19. a3 $2 (19. Be7 $142 Rfc8 20. Qd1 $15) 19... dxe4
$19 20. axb4 exf3 21. bxc5 (21. gxf3 $4 Nd4 22. bxc5 Nxc2 23. Kxc2 Rfc8 $19) (
21. Bxf3 $4 Bxf3 22. bxc5 Bh5 $19) 21... fxe2 22. c6 Nd4 23. Qd3 $2 (23. cxb7
$142 Ra1+ $1 24. Kxa1 Nxc2+ 25. Kb1 e1=Q+ 26. Rxe1 Nxe1 27. Bg3 $19) 23... Nxc6
24. f3 (24. Qxe2 Ra4 25. Rd1 Rxh4 26. g4 Rxh2 27. Qxb5 $19) 24... Ra4 25. Qd7 (
25. Qxe2 Nd4 26. Qd3 $19) 25... Rxh4 26. Qxb7 Rd4 (26... Rd4 27. Qxc6 Rd1+ 28.
Qc1 Rfd8 $19 (28... Rxc1+ $6 29. Kxc1 Re8 30. Kd2 $17)) 0-1

[Event "12. EM"]
[Site "Aix-les-Bains/France"]
[Date "2011.03.22"]
[Round "1"]
[White "Sjugirov, Sanan"]
[Black "Nuri, Kambez"]
[Result "0-1"]
[WhiteElo "2610"]
[BlackElo "2233"]
[PlyCount "92"]
[EventDate "2011.??.??"]
[Source "Mark Crowther"]
[SourceDate "2011.01.03"]

{B30: Sizilianisch (Rossolimo-Variante)} 1. e4 c5 2. Nf3 Nc6 3. Bb5 e6 4. O-O
Nge7 5. b3 a6 6. Bxc6 Nxc6 7. Bb2 b5 8. a4 b4 (8... Bb7 9. axb5 axb5 10. Na3 b4
11. Nc4 Rxa1 12. Bxa1 d5 13. exd5 Qxd5 14. Ne3 Qd7 15. Qe2 Be7 16. Qc4 O-O 17.
Qg4 f6 18. h4 Rd8 19. Re1 Bc8 20. h5 e5 21. Qg3 e4 22. Nh4 Qxd2 23. f4 {
Gdanski,J (2430)-Chandler,M (2605)/Solingen 1991/0-1}) 9. d3 d6 10. d4 $146 (
10. Nbd2 e5 11. Ne1 Be7 12. f4 exf4 13. Rxf4 O-O 14. Rf1 f5 15. Nef3 Be6 16.
Qe2 Qd7 17. Rae1 Qa7 18. Nc4 Rae8 19. Qd2 f4 20. Qf2 Qc7 21. Ncd2 Ne5 22. h3
Bf6 23. Ba1 Bc8 24. d4 cxd4 {Yildiz,B (2214)-Koneru,H (2621)/Istanbul 2009/1/
2-1/2}) 10... cxd4 11. Nxd4 Bb7 12. Nxc6 Bxc6 13. Nd2 f6 14. Qh5+ g6 15. Qh3 e5
16. f4 Qd7 17. Qd3 Be7 18. Nc4 O-O 19. Nb6 (19. fxe5 $143 dxe5 20. Kh1 Qe6 $17)
19... Qa7 20. a5 Rf7 21. Rf2 Raf8 22. Qc4 (22. Re1 $5 $11) 22... Qb7 $15 23.
Re1 d5 24. exd5 (24. Nxd5 $2 Bxd5 25. exd5 Rc8 $19) 24... Bb5 25. Qe4 Bc5 26.
Qf3 $2 (26. f5 $142 $5 Bxf2+ 27. Kxf2 $15) 26... exf4 $19 27. Re4 $4 (27. d6
Rd8 28. Re6 Rxd6 29. Rxd6 Bxd6 30. Qxb7 Rxb7 $19) 27... Bxf2+ (27... Re7 $142
28. g3 Bxf2+ 29. Kxf2 fxg3+ 30. hxg3 Rfe8 $19) 28. Qxf2 Re7 29. Qxf4 Rxe4 30.
Qxe4 Re8 31. Qxb4 Qc7 32. Bc3 (32. Bxf6 $4 Qxc2 33. h3 Re2 $19) 32... Re2 33.
Qd4 Rxc2 34. Nc4 (34. Bd2 Qe7 35. Qe3 Qxe3+ 36. Bxe3 Rb2 $19) 34... Rc1+ (34...
Bxc4 $142 35. d6 Qc6 36. Qxc4+ Qxc4 37. bxc4 Rxc3 $19) 35. Kf2 Bxc4 (35... Qxh2
$6 36. Qxf6 Rc2+ 37. Nd2 $11) 36. d6 (36. bxc4 Qxh2 37. d6 Qg1+ 38. Kf3 Rf1+
39. Kg3 Qxd4 40. Bxd4 $19) 36... Rc2+ 37. Bd2 Rxd2+ $1 38. Qxd2 Qa7+ (38...
Qc5+ 39. Qe3 Qf5+ 40. Kg3 $19) 39. Kg3 (39. Qe3 Qxe3+ 40. Kxe3 Bb5 $19) 39...
Bb5 40. b4 (40. Qc3 Qf7 41. h3 Qe6 $19) 40... Kg7 41. h3 Qd7 42. Qd4 Qf5 43.
Qa7+ Kh6 44. Qb8 (44. Qb6 $19) 44... Qe5+ 45. Kf2 Qb2+ (45... Qe2+ 46. Kg1 Bc6
47. Qf8+ Kg5 48. h4+ Kh5 49. g4+ Kxg4 50. Qc8+ Kg3 51. Qh3+ Kxh3 52. d7 Qg2#)
46. Kg3 (46. Kg1 Qc1+ 47. Kh2 Qf4+ 48. Kg1 Qf1+ 49. Kh2 Bc6 50. Qf8+ Kg5 51.
h4+ Kh5 52. g4+ Kxh4 53. Qxf6+ Qxf6 54. Kg1 Kg3 55. d7 Qf2#) 46... Bc6 (46...
Bc6 47. Qf8+ Kh5 48. Qxf6 Qxg2+ 49. Kf4 Qf2+ 50. Ke5 Qe3#) 0-1

[Event "Deutsche Bundesliga "]
[Site "Emsdetten "]
[Date "2011.03.19"]
[Round "12"]
[White "Kraemer, Martin"]
[Black "Vitiugov, Nikita"]
[Result "1-0"]
[WhiteElo "2516"]
[BlackElo "2709"]
[PlyCount "55"]
[EventDate "2010.10.08"]
[EventType "team"]
[EventRounds "15"]
[EventCountry "GER"]
[Source "Mark Crowther"]
[SourceDate "2011.01.03"]
[WhiteTeam "SF Berlin"]
[BlackTeam "SV Wattenscheid"]

{B15: Caro-Kann (Flohr-Variante)} 1. d4 g6 2. e4 Bg7 3. Nc3 c6 4. f4 d5 5. e5
Nh6 6. Nf3 Bg4 7. h3 Bxf3 8. Qxf3 f6 9. g4 fxe5 (9... Qb6 10. e6 f5 11. g5 Qxd4
12. gxh6 Bxh6 13. Be3 Qf6 14. O-O-O Qxe6 15. Bd4 O-O 16. Bg2 Qf7 17. h4 Nd7 18.
Kb1 Rae8 19. h5 g5 20. fxg5 Bxg5 21. Qg3 h6 22. Qc7 e5 23. Bxa7 Nf6 24. Qd6 {
Illescas Cordoba,M (2635)-Shirov,A (2690)/Dos Hermanas 1996/1-0}) 10. dxe5 Rf8
$146 (10... e6 11. h4 Rf8 12. Qg3 Qb6 13. Bd2 Nd7 14. O-O-O O-O-O 15. Be2 Ng8
16. Rh3 Nc5 17. Be3 d4 18. Rxd4 Rxd4 19. Bxd4 Nb3+ 20. axb3 Qxd4 21. Bc4 Rxf4
22. Bxe6+ Kc7 23. Qe1 Rf8 24. Re3 Ne7 25. Rd3 {Almasi,Z (2620)-Hodgson,J (2580)
/Groningen 1994/1-0}) 11. Qg3 Qb6 (11... Nd7 12. Bd2 $16) 12. Bd3 (12. Bd2 $5
Nd7 13. O-O-O $16) 12... Na6 13. Bd2 Nb4 (13... Nc5 14. O-O-O O-O-O 15. Qh4 $16
) 14. O-O-O $16 O-O-O (14... Nxd3+ 15. Qxd3 Qc7 16. Ne2 $16) 15. Be2 c5 16. Na4
Qc6 (16... Qc7 17. Kb1 d4 18. Rhf1 $18) 17. Qb3 $18 a5 18. c3 c4 19. Qa3 Na6 (
19... Nd3+ 20. Bxd3 cxd3 21. Kb1 $18) 20. Be3 (20. Qxe7 Rf7 21. Qh4 Qxa4 $19)
20... e6 21. Nb6+ Kb8 22. Qxa5 Nf7 23. h4 Rfe8 24. b4 Nc7 25. Bf3 (25. Rh3 Qb5
26. Qxb5 Nxb5 $18) 25... Rf8 (25... Qb5 26. Qa4 $18) 26. Rhf1 h5 (26... Qb5 27.
Qxb5 Nxb5 $18) 27. a4 Bxe5 28. b5 (28. b5 Bxc3 29. Qxc3 $18 (29. bxc6 $6 Bxa5
30. Nd7+ Rxd7 31. cxd7 hxg4 32. Bxg4 Rd8 $18)) 1-0

[Event "MP Reykjavik Open"]
[Site "Reykjavik ISL"]
[Date "2011.03.12"]
[Round "4.2"]
[White "Miroshnichenko, Evgenij"]
[Black "Halkias, Stelios"]
[Result "0-1"]
[WhiteElo "2670"]
[BlackElo "2579"]
[PlyCount "66"]
[EventDate "2011.03.09"]
[EventType "swiss"]
[EventRounds "9"]
[EventCountry "ISL"]
[Source "Mark Crowther"]
[SourceDate "2011.01.03"]

{A10: Abarten von Holländisch, Damenindisch, Königsindisch (ohne d2-d4)} 1. g3
f5 (1... e5 $5 $11) 2. Bg2 Nf6 3. c4 (3. Nf3 e6 $16) 3... g6 (3... e5 4. Nc3
$11) 4. Nf3 Bg7 5. O-O O-O 6. Nc3 d6 7. b4 (7. d4 Nc6 $16) 7... Ne4 8. Bb2 a5
9. b5 (9. a3 Nxc3 10. Bxc3 Bxc3 11. dxc3 axb4 12. cxb4 Nc6 $14) 9... Nxc3 $11
10. Bxc3 Bxc3 11. dxc3 Nd7 12. Nd4 Nf6 13. c5 e5 14. c6 b6 (14... exd4 $2 15.
cxb7 Bxb7 16. Bxb7 $18) 15. Qb3+ Kh8 16. Nc2 Qe7 17. c4 Be6 (17... f4 18. gxf4
exf4 19. Nd4 $15) 18. Rad1 (18. Ne3 h5 $11) 18... g5 (18... f4 19. gxf4 exf4
20. Nd4 $15) 19. Qc3 (19. Ne3 $5 $11) 19... f4 $17 20. e3 Qg7 21. exf4 gxf4 22.
Rfe1 (22. c5 dxc5 23. Qxe5 Bc4 $15) 22... Ng4 23. h3 $4 (23. Re2 $142 $17)
23... fxg3 $19 24. fxg3 Nf2 25. Rd2 Nxh3+ 26. Bxh3 Bxh3 27. c5 bxc5 28. b6 cxb6
29. Rxd6 Rae8 30. Na3 (30. a4 Bg4 31. Rd3 c4 32. Qxc4 Bf3 $19) 30... Bg4 (30...
Rf5 31. Nc4 Qf8 32. Nxe5 Rexe5 $19 (32... Qxd6 $4 33. Nf7+ Kg8 34. Nxd6 Rxe1+
35. Qxe1 $18)) 31. Nc4 (31. Rd3 Qf6 32. Rd2 $19) 31... Bf3 32. Kh2 (32. Kf2
Bh5+ 33. Kg2 $19) 32... Rf5 33. Rxe5 Rh5+ (33... Rh5+ 34. Rxh5 Re2+ 35. Kg1
Qxc3 36. Rd8+ Kg7 37. Rd7+ Kg6 38. Ne5+ Kxh5 39. Rxh7+ Kg5 40. Rg7+ Kh6 41.
Rg6+ Kh7 42. Rh6+ Kxh6 43. Nf7+ Kg7 44. c7 Qc1#) (33... Rexe5 $2 34. Rd8+ Rf8
35. Rxf8+ Qxf8 36. Qxe5+ Kg8 37. Qg5+ Kh8 38. c7 $18) (33... Rfxe5 $143 34.
Nxe5 Qxe5 35. Qxe5+ Rxe5 36. c7 $19) 0-1

[Event "Saint Louis Invitational"]
[Site "Saint Louis USA"]
[Date "2011.03.04"]
[Round "1"]
[White "Kaidanov, Gregory S"]
[Black "Khachiyan, Melikset"]
[Result "1-0"]
[WhiteElo "2569"]
[BlackElo "2511"]
[PlyCount "65"]
[EventDate "2011.03.04"]
[Source "Mark Crowther"]
[SourceDate "2011.01.03"]

{B15: Caro-Kann (Flohr-Variante)} 1. d4 g6 2. e4 Bg7 3. Nc3 c6 4. f4 d5 5. e5
Nh6 6. Be2 (6. Be3 Ng4 (6... Qb6 7. Na4 Qa5+ 8. c3 f6 9. Nc5 Qb6 10. Qd2 a5 11.
Nf3 a4 12. Be2 Qd8 13. h3 b6 14. Nd3 Na6 15. g4 f5 16. Ng5 Nc7 17. Rg1 Ba6 18.
Nb4 Bxe2 19. Qxe2 Qd7 20. c4 e6 21. cxd5 {Bologan,V (2661)-Iordachescu,V (2592)
/Dresden 2006/1/2-1/2}) 7. Qd2 c5 8. Nf3 Nc6 9. Bb5 Nxe3 10. Qxe3 c4 11. Bxc6+
bxc6 12. O-O O-O 13. b3 Ba6 14. Rf2 Bb5 15. e6 f5 16. Ng5 Rf6 17. Re1 a5 18.
Nf7 Qc8 19. Rd2 a4 20. b4 a3 {Rublevsky,S (2671)-Iordachescu,V (2627)/Tripoli
2004/1/2-1/2}) 6... O-O $146 (6... f6 7. Be3 O-O (7... Qb6 8. Na4 Qa5+ 9. c3
Nd7 10. b4 Qc7 11. Nf3 b5 12. Nc5 Nxc5 13. bxc5 Rb8 14. Qd2 O-O 15. h3 Nf5 16.
Bf2 fxe5 17. Nxe5 Nh6 18. a4 a6 19. O-O Nf7 20. Nd3 Bf5 21. Nb4 Ra8 22. axb5 {
Prie,E (2489)-Istratescu,A (2615)/Nantes 2002/1/2-1/2}) 8. Qd2 fxe5 9. dxe5 g5
10. fxg5 Nf7 11. Nh3 Bxh3 12. gxh3 Nxe5 13. O-O-O Nbd7 14. Rhf1 Qa5 15. Bd4 Qb4
16. Qe3 Qd6 17. h4 e6 18. Qh3 c5 19. Bf2 d4 20. h5 Qb6 21. Ne4 {Skripchenko,A 
(2498)-Krasenkow,M (2632)/Wijk aan Zee 2002/0-1}) (6... Na6 7. Nf3 Nc7 8. Be3
Bg4 9. h3 Bxf3 10. Bxf3 Nf5 11. Bf2 e6 12. Qd3 Nh4 13. O-O-O Nxf3 14. Qxf3 f5
15. g4 Qe7 16. h4 h5 17. gxh5 gxh5 18. Rhg1 Qf7 19. Rg3 Bh6 20. Rdg1 O-O-O 21.
Ne2 {Dolmatov,S (2610)-Minasian,A (2545)/Cannes 1994/1-0}) 7. Nf3 Bg4 8. Ng5
Bxe2 9. Nxe2 Na6 10. O-O Nc7 11. Kh1 f6 12. Nf3 Ne6 13. h3 c5 14. c3 cxd4 15.
Nexd4 Nc5 16. e6 Qd6 17. Qe1 (17. Re1 Rfd8 $11) 17... f5 (17... a5 18. Qe2 $11)
18. Qh4 Nxe6 19. Nxe6 Qxe6 20. Re1 Qd7 (20... Qc6 21. Ng5 (21. Rxe7 $2 Bf6 22.
Qe1 Bxe7 23. Qxe7 Rfe8 $19) (21. Qxe7 $143 Rfe8 22. Qh4 Qb6 $15) 21... Rfe8 22.
Be3 $11) 21. Ng5 (21. Rxe7 Qd8 22. Rxb7 Qxh4 23. Nxh4 Nf7 $14) 21... e6 (21...
Rf6 22. Be3 $14) 22. Be3 (22. Nxe6 $5 Bf6 23. Nxf8 (23. Qxh6 Rfe8 $17) 23...
Bxh4 24. Nxd7 Bxe1 25. Nf6+ Kf7 26. Nxd5 $16) 22... Rfe8 $14 23. Bd4 Bf8 (23...
Bxd4 $5 24. cxd4 Kg7 $14) 24. Re3 $16 a5 25. a4 Ra6 26. Rae1 Bg7 27. R1e2 Rc6
28. Kh2 (28. Bxg7 Kxg7 29. Qe1 Kf6 $16) 28... Bxd4 $14 29. cxd4 Kg7 30. g4 (30.
Qe1 $142 Kf6 31. Qxa5 $14) 30... fxg4 $4 (30... e5 $142 31. fxe5 fxg4 $15) 31.
hxg4 $18 e5 $4 (31... Nf7 32. Qxh7+ Kf6 $18) 32. Qxh6+ $3 Kxh6 33. Rh3+ (33.
Rh3+ Kg7 34. Rxh7+ Kg8 35. Rxd7 $18) 1-0

[Event "6. Frauen GP"]
[Site "Doha QAT"]
[Date "2011.02.28"]
[Round "6"]
[White "Koneru, Humpy"]
[Black "Chiburdanidze, Maia"]
[Result "1-0"]
[WhiteElo "2607"]
[BlackElo "2502"]
[PlyCount "83"]
[EventDate "2011.02.22"]
[Source "Mark Crowther"]
[SourceDate "2011.01.03"]

{E42: Nimzoindisch (Rubinstein-System)} 1. d4 Nf6 2. c4 e6 3. Nc3 Bb4 4. e3 c5
5. Nge2 cxd4 6. exd4 d5 7. c5 Ne4 8. Bd2 Nc6 9. Nxe4 dxe4 10. Bxb4 $146 (10. g3
Bxd2+ 11. Qxd2 Qd5 12. Qe3 Nb4 13. Kd2 e5 14. Nc3 exd4 15. Qxe4+ Qxe4 16. Nxe4
O-O 17. Bg2 Bd7 18. a3 Nc6 19. b4 a6 20. Nd6 Rab8 21. Rhe1 g6 22. Rac1 Kg7 23.
Bxc6 Bxc6 24. Re7 Kf6 {Granda Zuniga,J (2615)-Zarnicki,P (2385)/Buenos Aires
1992/1-0}) 10... Nxb4 11. Qa4+ Nc6 12. Rd1 Qg5 13. g3 e3 (13... Bd7 14. Nc3 e3
15. d5 exd5 16. Rxd5 exf2+ 17. Kxf2 Qf6+ 18. Kg2 $11) 14. fxe3 $16 Qxe3 15. Bg2
Bd7 16. Qc4 O-O 17. Rd3 Qh6 18. O-O Rab8 19. b4 e5 $2 (19... a6 $142 $5 $16)
20. d5 $18 e4 (20... Ne7 21. Nc3 $18) 21. Qxe4 (21. dxc6 $6 exd3 22. cxd7 Qe3+
23. Rf2 dxe2 24. Qxe2 Qc1+ 25. Rf1 Qc3 $16) (21. Bxe4 $6 Ne5 22. Qd4 f5 $11)
21... Rbe8 (21... f5 22. Qf4 Qxf4 23. Rxf4 $18 (23. gxf4 $6 Nxb4 24. Rb3 Na6
$16 (24... Nxa2 $4 25. Ra1 $18))) 22. dxc6 Bxc6 (22... Rxe4 $4 23. cxd7 Ree8
24. dxe8=R Rxe8 25. Bd5 $18) 23. Qg4 Bb5 24. Nf4 (24. Qf3 Qa6 25. Nf4 Bxd3 26.
Qxd3 Qxd3 27. Nxd3 Re7 $18) 24... Bxd3 25. Nxd3 Qe3+ 26. Nf2 Re7 27. Qf4 (27.
Qc4 $142 $18) 27... Qa3 $2 (27... Qxf4 $142 28. gxf4 Rd8 $18) 28. Qc4 (28. Be4
$142 $5 Re6 $18) 28... Rd8 29. b5 Rd2 (29... Qe3 30. Bd5 $18) 30. c6 bxc6 31.
bxc6 Qa5 32. a4 (32. Rb1 $5 g6 33. Ne4 Rd8 $18) 32... h6 33. Ne4 Qb6+ 34. Kh1
Rd4 35. Qc2 Qa5 (35... Rc7 36. Re1 Rc8 37. Nc5 $18) 36. Rb1 g6 (36... Rb4 37.
Rxb4 Qxb4 38. Bf3 $18) 37. h4 (37. Rf1 Kg7 38. Qc1 Rd8 $18 (38... Rdxe4 $4 39.
Bxe4 Qe5 40. Bf3 $18) (38... Rexe4 $4 39. Bxe4 Rxe4 40. c7 $18)) 37... Kg7 38.
Qc5 (38. Rc1 $142 $5 Qb4 $18) 38... Qxc5 39. Nxc5 Rc4 40. Nb7 Re3 (40... Rc2
41. Nd6 f5 42. h5 $18) 41. Nd6 Rc5 (41... Rc2 42. Be4 Rxe4 43. Nxe4 Rxc6 $18)
42. Rb7 (42. Rb7 Re2 43. Rxf7+ Kg8 44. Rf1 $18 (44. Rxa7 $6 Rc1+ 45. Kh2 Rxc6
$16)) 1-0

[Event "ch-POL"]
[Site "Warsaw POL"]
[Date "2011.02.17"]
[Round "6"]
[White "Bartel, Mateusz"]
[Black "Macieja, Bartlomiej"]
[Result "1-0"]
[WhiteElo "2617"]
[BlackElo "2636"]
[PlyCount "71"]
[EventDate "2011.02.12"]
[EventType "swiss"]
[EventRounds "9"]
[EventCountry "POL"]
[Source "Mark Crowther"]
[SourceDate "2011.01.03"]

{D38: Damengambit (Ragosin-Verteidigung)} 1. d4 Nf6 2. c4 e6 3. Nf3 d5 4. Bg5
h6 5. Bxf6 Qxf6 6. Nc3 Bb4 7. e3 O-O 8. Be2 dxc4 9. O-O b6 (9... Bxc3 10. bxc3
b5 11. a4 c6 12. Ne5 Qe7 13. f4 a6 14. Bf3 Bb7 15. Qb1 Qc7 16. f5 Nd7 17. Ng4
Rae8 18. fxe6 Rxe6 19. Qf5 {Kramnik,V (2759)-Jakovenko,D (2760)/Dortmund 2009/
1/2-1/2}) (9... Qe7 10. Bxc4 c5 11. a3 cxd4 12. exd4 Bxc3 13. bxc3 Qc7 14. Qe2
Nd7 15. Rad1 b6 16. d5 exd5 17. Bxd5 Rb8 18. Qe7 Qxc3 19. Be4 Qc5 20. Rxd7 Bxd7
21. Qxd7 Qxa3 22. Bd5 Rbd8 23. Bxf7+ Kh8 24. Qb7 {Le Quang Liem (2664)-Xiu,D 
(2508)/Moskau2011/1-0}) 10. Ne5 $146 (10. Rc1 Bb7 11. Nb5 a6 12. Rxc4 axb5 13.
Rxb4 Rxa2 14. Rxb5 Bc6 15. Rb4 Nd7 16. Rc4 Bxf3 17. Bxf3 c5 18. Qb3 Ra5 19. Rd1
e5 20. dxc5 Nxc5 21. Qc2 Ne6 22. b4 Ra7 23. Rc6 Rd8 24. h3 Rxd1+ {Karpov,A 
(2690)-Wockenfuss,K (2350)/Bad Lauterberg 1977/1-0}) 10... Bb7 11. f4 Qe7 12.
Bf3 c6 (12... Bxf3 13. Qxf3 Bxc3 14. Qxa8 Bxb2 15. Rab1 $14) 13. Qc2 Bxc3 14.
bxc3 c5 15. f5 (15. Bxb7 Qxb7 16. dxc5 Qc7 $14) 15... Bxf3 16. Rxf3 Nd7 17.
Nxd7 Qxd7 18. f6 e5 (18... g6 $142 $11) 19. Raf1 $16 g6 (19... cxd4 20. exd4
exd4 21. Rg3 $18) 20. Rh3 (20. Qe4 $142 Rfd8 21. Rh3 $18) 20... Qg4 $4 (20...
exd4 $142 21. Qe4 h5 22. Rxh5 gxh5 $18 23. Rf5 Qxf5 24. Qxf5 Rfd8 25. exd4 Kf8
26. d5 Rab8 27. Qe5 h4 28. d6 Re8 29. Qh5 Re1+ 30. Kf2 Ke8 31. Kxe1 Kd7 32.
Qf5+ Kc6 33. Qe4+ Kxd6 34. Qf4+ Ke6 35. Qxb8 $18) 21. Rg3 $18 Qh5 22. d5 $4 (
22. Rf5 g5 23. h4 Qg6 (23... Qxh4 $4 24. Rh3 Qxh3 25. gxh3 $18) 24. dxe5 Rfd8
25. Rgxg5 hxg5 26. Rxg5 Rd3 27. Rxg6+ fxg6 $18) 22... Rfe8 $4 (22... e4 $142
23. Qxe4 Rad8 $11) 23. e4 (23. Qe4 $142 $5 $18) 23... Kh7 24. Qd2 g5 25. Rf5
Rg8 $2 (25... Kg6 $142 $18) 26. Rxe5 Qg6 (26... Rad8 27. Re7 Rdf8 28. Rf3 $18)
27. Rexg5 $1 Qxg5 (27... Qxg5 28. Rxg5 Rxg5 (28... hxg5 29. e5) 29. Qf4) (27...
hxg5 28. Rh3+) (27... -- $140 28. Rxg6) 28. Rxg5 Rxg5 (28... hxg5 29. e5 Kh6
$18) 29. d6 Rd8 30. d7 b5 (30... a6 31. h4 Rgg8 32. Qd5 $18) 31. Qd6 b4 (31...
Rgg8 32. Qd5 Rdf8 33. Qxc5 $18) 32. Qe7 bxc3 33. Qxd8 c2 34. Qh8+ $1 Kxh8 35.
d8=Q+ Kh7 36. Qd2 (36. Qd2 Kg6 37. Qxc2 Kxf6 38. Qxc4 $18) 1-0

[Event "Aeroflot Open"]
[Site "Moscow RUS"]
[Date "2011.02.11"]
[Round "4"]
[White "Le, Quang Liem"]
[Black "Kamsky, Gata"]
[Result "1-0"]
[WhiteElo "2664"]
[BlackElo "2730"]
[PlyCount "53"]
[EventDate "2011.02.08"]
[Source "Mark Crowther"]
[SourceDate "2011.01.03"]

{D43: Damengambit (Botwinnik-Variante)} 1. d4 d5 2. c4 c6 3. Nf3 Nf6 4. Qb3 e6
5. Nc3 Nbd7 6. Bf4 (6. cxd5 exd5 7. Bf4 Nh5 8. Bg3 Nxg3 9. hxg3 Nf6 10. e3 Qb6
11. Bd3 Qxb3 12. axb3 Bd6 13. O-O Ke7 14. Rfe1 Be6 15. e4 dxe4 16. Nxe4 Nxe4
17. Rxe4 Kf6 18. Bc4 Rhe8 19. Rae1 Rad8 20. Kf1 {Piket,J (2635)-Godena,M (2490)
/Batumi 1999/ 1/2-1/2}) 6... a5 $146 (6... Be7 7. h3 O-O 8. e3 Ne8 9. e4 dxe4
10. Nxe4 Ndf6 11. Nc3 Bd6 12. Be3 Qa5 13. Bd3 e5 14. dxe5 Bxe5 15. Nxe5 Qxe5
16. O-O-O b6 17. Rhe1 Qc7 18. g4 Be6 19. Qc2 g6 20. f4 Ng7 21. f5 {Kortschnoj,
V (2670)-Saltzberg,M (2310)/Pasadena 1983/1-0}) (6... dxc4 7. Qxc4 Nb6 8. Qb3
$14) 7. cxd5 exd5 8. e3 Nb6 9. Bd3 Bg4 10. Ne5 Bh5 11. O-O a4 12. Qc2 Bg6 13.
e4 dxe4 14. Nxe4 Nxe4 15. Bxe4 Be7 $2 (15... Bxe4 $142 16. Qxe4 Qd5 $16) 16.
Bxc6+ $18 (16. Bxg6 $6 fxg6 17. Rae1 O-O $14) 16... bxc6 17. Qxc6+ Nd7 18. Nxg6
hxg6 19. Rfe1 O-O 20. Bc7 Nb8 21. Bxd8 Nxc6 22. Bxe7 Nxe7 (22... Rfb8 23. Ba3
Nxd4 24. Rac1 $18) 23. Rxe7 Rfd8 24. Rd1 a3 (24... Rac8 25. g3 Rd5 26. Re5 Rxe5
27. dxe5 $18) 25. b3 Rac8 (25... Kf8 26. Re5 $18) 26. Kf1 Rd5 (26... g5 27. d5
Rd6 28. Rd2 $18) 27. Rd2 1-0

[Event "Moskau Open E"]
[Site "Moscow RUS"]
[Date "2011.02.04"]
[Round "7"]
[White "Belous, Vladimir"]
[Black "Filippov, Anton"]
[Result "1-0"]
[WhiteElo "2497"]
[BlackElo "2604"]
[PlyCount "63"]
[EventDate "2011.01.29"]
[EventType "swiss"]
[EventRounds "9"]
[EventCountry "RUS"]
[Source "Mark Crowther"]
[SourceDate "2011.01.03"]

{D94: Grünfeldindisch (Geschlossenes System)} 1. d4 d5 2. c4 c6 3. Nf3 Nf6 4.
e3 g6 5. Nc3 Bg7 6. Bd2 O-O 7. Rc1 Bg4 (7... a6 8. Bd3 dxc4 9. Bxc4 Bg4 10. h3
Bxf3 11. Qxf3 Nbd7 12. O-O e5 13. Rfd1 Qe7 14. a3 Rfe8 15. Ba2 Rad8 16. d5 e4
17. Qe2 c5 18. Na4 b5 19. d6 Qe5 20. Bc3 Qg5 21. Bxf6 Qxf6 22. Nxc5 {Liang
Chong (2515)-Bu Xiangzhi (2637)/Peking 2005/1/2-1/2}) 8. Qb3 Bxf3 $146 (8...
Bc8 9. Bd3 dxc4 10. Bxc4 Qb6 11. Qa3 Qd8 12. O-O Nbd7 13. h3 Nb6 14. Be2 Nbd5
15. Nxd5 Nxd5 16. Rfd1 Qd6 17. Qb3 a5 18. e4 a4 19. Qc2 Nf4 20. Bf1 Qb8 21. Be3
Be6 22. Qb1 Ra5 23. Rc3 {Aleksandrov,A (2620)-Petukhov,D (2355)/Saratov 2006/
1-0}) 9. gxf3 Qd7 10. Bg2 Na6 11. cxd5 cxd5 12. O-O e6 13. Nb5 Rfb8 (13... Ne8
14. a4 $14) 14. Rc2 Ne8 15. Rfc1 Bf8 16. Bf1 Qd8 17. Qa4 (17. a3 $5 $16) 17...
Qg5+ 18. Bg2 Qd8 19. b4 (19. e4 Nd6 20. Nxd6 Bxd6 $16) 19... Ng7 20. e4 Nh5 21.
e5 Qh4 (21... Qd7 $5 22. a3 Ng7 $16) 22. Nd6 $18 Bxd6 $2 (22... Qxd4 23. Qd7
Bxd6 24. exd6 Nf6 $18 (24... Nxb4 $4 25. Rc8+ Kg7 26. Bc3 Qxc3 27. R1xc3 $18))
23. exd6 Rf8 (23... Nf4 24. Bf1 Rf8 25. b5 $18) 24. Qd7 Rad8 (24... Nf4 25. Qe7
Nxg2 26. Kxg2 Qxe7 27. dxe7 $18) 25. Qe7 (25. Qxb7 $142 Nb8 26. Rc8 $18) 25...
Qxd4 (25... Nf6 26. Qxb7 Nb8 $18) 26. Bh6 Ng7 (26... Nxb4 27. Rc8 Qg7 28. Rxd8
Qxh6 29. Rcc8 Qc1+ 30. Rxc1 Rxd8 31. Qxd8+ Kg7 32. Rc8 Nc6 33. Qf8+ Kf6 34. d7
a6 35. Rxc6 g5 36. d8=Q+ Kg6 37. Qde8 g4 38. Qexf7+ Kg5 39. Q8e7+ Nf6 40.
Qexf6#) 27. Qxd8 (27. Rc8 $142 $1 Qb6 28. d7 $18) 27... Rxd8 28. Rc8 Qf6 29. d7
(29. h4 $142 Kf8 30. Bg5 Qxg5 31. hxg5 $18) 29... Kf8 (29... Nxb4 $4 30. Rxd8+
Qxd8 31. Rc8 $18) 30. Rxd8+ Qxd8 $4 (30... Ke7 $142 31. Rdc8 Kxd7 $18) 31. Rc8
Ke7 32. Bg5+ (32. Bg5+ Kxd7 (32... f6 33. Bxf6+ Kxf6 34. Rxd8) 33. Rxd8+ (33.
Bxd8 $4 Kxc8 34. Bf6 Nh5 $19) 33... Kc6 34. Rc8+ Kd6 35. b5 $18) (32. Rxd8 $6
Kxd8 33. b5 Nc7 34. Bxg7 Nxb5 $11) 1-0